[Event "Groningen op compact-A 51st"]
[Site "Groningen"]
[Date "2013.12.29"]
[Round "4"]
[White "Polee, Hans"]
[Black "Postma, Jan"]
[Result "0-1"]
[WhiteElo "2078"]
[BlackElo "1999"]
[PlyCount "76"]
[EventDate "2013.12.26"]
[EventType "swiss"]
[EventRounds "5"]
[EventCountry "NED"]
[SourceTitle "CBM 158 Extra"]
[Source "ChessBase"]
[SourceDate "2014.02.28"]
[SourceVersion "1"]
[SourceVersionDate "2014.02.28"]
[SourceQuality "1"]

1. Nf3 c5 2. c4 Nc6 3. Nc3 e6 4. g3 d5 5. cxd5 exd5 6. d4 c4 7. Bg2 Bb4 8. 0-0 Nge7 9. Ne5 0-0 10. Nxc6 bxc6 11. e4 Be6 12. Qc2 h6 13. Rd1 Re8 14. Ne2 Ng6 15. Be3 Qd7 16. Qa4 Rab8 17. a3 Bf8 18. Nc3 Qb7 19. Rd2 Bd6 20. f4 f5 21. e5 Bc7 22. b4 a5 23. Rb1 axb4 24. axb4 Ra8 25. Qc2 Ra3 26. b5 Ba5 27. bxc6 Qxc6 28. Nd1 Bxd2 29. Bxd2 Rea8 30. Nc3 Ra1 31. Kf2 Rxb1 32. Qxb1 Ne7 33. Qb4 Nc8 34. Qc5 Qxc5 35. dxc5 Ne7 36. Nb5 Ra2 37. Ke3 Bd7 38. Nd4 Ba4 0-1

[Event "Groningen op compact-A 51st"]
[Site "Groningen"]
[Date "2013.12.27"]
[Round "2"]
[White "Postma, Jan"]
[Black "Scharft, Johan"]
[Result "1-0"]
[WhiteElo "1999"]
[BlackElo "2032"]
[PlyCount "76"]
[EventDate "2013.12.26"]
[EventType "swiss"]
[EventRounds "5"]
[EventCountry "NED"]
[SourceTitle "CBM 158 Extra"]
[Source "ChessBase"]
[SourceDate "2014.02.28"]
[SourceVersion "1"]
[SourceVersionDate "2014.02.28"]
[SourceQuality "1"]

1. d4 d5 2. c4 c6 3. Nc3 Nf6 4. Nf3 e6 5. Bg5 Nbd7 6. e3 Qa5 7. Nd2 Bb4 8. Qc2 Ne4 9. Ndxe4 dxe4 10. Bh4 0-0 11. Be2 f5 12. 0-0 Bxc3 13. Qxc3 Qxc3 14. bxc3 Nf6 15. f3 exf3 16. gxf3 b6 17. a4 Ba6 18. a5 Nd7 19. Ra2 b5 20. c5 h6 21. f4 Kf7 22. Kh1 Rab8 23. Rg1 g6 24. Bf3 Rbc8 25. Rb2 Rg8 26. Rb4 Rc7 27. Rb2 Rcc8 28. e4 Nf6 29. Bxf6 Kxf6 30. h4 Rg7 31. e5+ Kf7 32. Rbg2 Bb7 33. a6 Bxa6 34. Ra1 Bb7 35. Rxa7 Kf8 36. Kg1 Rd8 37. Kf2 b4 38. Ke3 bxc3 1-0

[Event "Leiden SB-ch"]
[Site "Leiden"]
[Date "2011.06.28"]
[Round "7"]
[White "Postma, Jan"]
[Black "De Leur, Ben"]
[Result "0-1"]
[WhiteElo "1742"]
[BlackElo "2060"]
[PlyCount "103"]
[EventDate "2011.05.17"]
[EventType "swiss"]
[EventRounds "7"]
[EventCountry "NED"]
[SourceTitle "EXT 2012"]
[Source "ChessBase"]
[SourceDate "2011.11.24"]
[SourceVersion "1"]
[SourceVersionDate "2011.11.24"]
[SourceQuality "1"]

1. e4 c5 2. Nf3 g6 3. c4 Bg7 4. Nc3 Nc6 5. d3 Nf6 6. Be2 0-0 7. 0-0 d6 8. Rb1 Bg4 9. Ne1 Bd7 10. Nc2 Nd4 11. Nxd4 cxd4 12. Nd5 Ne8 13. Bg5 f6 14. Bd2 e6 15. Nb4 Qe7 16. Nc2 f5 17. f4 a5 18. Bf3 Bc6 19. Qe2 e5 20. exf5 gxf5 21. Nxd4 Bxf3 22. Nxf3 e4 23. Rfe1 d5 24. d4 Qc7 25. Ne5 dxc4 26. Rec1 b5 27. b3 Nd6 28. bxc4 bxc4 29. Be3 Rfc8 30. Rc3 Qe7 31. Rb6 Rc7 32. Qb2 Bf8 33. Qf2 Qd8 34. Bc1 Rg7 35. Rb2 Rc7 36. Be3 Qe8 37. Qe2 Rac8 38. Bd2 Qa4 39. Rg3+ Bg7 40. Bc3 Nb5 41. Qd2 Rd8 42. Rxb5 Qxb5 43. Bxa5 Qb1+ 44. Kf2 Rb8 45. Bc3 Ra7 46. Rxg7+ Rxg7 47. d5 Ra7 48. Kg3 Rg7+ 49. Kf2 Qh1 50. Ke3 Rxg2 51. Qe1 Qxe1+ 52. Bxe1 0-1

[Event "Leiden SB-ch"]
[Site "Leiden"]
[Date "2009.05.19"]
[Round "1"]
[White "Mourits, Wilbert"]
[Black "Postma, Jan"]
[Result "1-0"]
[WhiteElo "2023"]
[BlackElo "1668"]
[PlyCount "59"]
[EventDate "2009.05.19"]
[EventType "swiss"]
[EventRounds "7"]
[EventCountry "NED"]
[SourceTitle "EXT 2012"]
[Source "ChessBase"]
[SourceDate "2011.11.24"]
[SourceVersion "1"]
[SourceVersionDate "2011.11.24"]
[SourceQuality "1"]

1. e4 c5 2. Nf3 e6 3. d4 cxd4 4. Nxd4 a6 5. Nc3 Nc6 6. Be2 Qc7 7. 0-0 Nf6 8. Be3 b5 9. Nxc6 dxc6 10. a3 Be7 11. f4 0-0 12. Qe1 Bb7 13. Bf3 Rad8 14. e5 Nd5 15. Nxd5 cxd5 16. Qf2 Rc8 17. c3 Qd7 18. Bd4 a5 19. b4 a4 20. Qg3 f6 21. exf6 Bxf6 22. Bc5 Bxc3 23. Rad1 Rxc5 24. bxc5 Qc7 25. Qf2 Rxf4 26. Qe3 Be5 27. Rfe1 Re4 28. Bxe4 Bxh2+ 29. Kh1 dxe4 30. Qh3 1-0

[Event "Leiden SB-ch"]
[Site "Leiden"]
[Date "2003.06.17"]
[Round "5"]
[White "Postma, Jan"]
[Black "De Ruyter, Wim"]
[Result "0-1"]
[WhiteElo "1719"]
[BlackElo "1538"]
[PlyCount "50"]
[EventDate "2003.05.20"]
[EventType "swiss"]
[EventRounds "7"]
[EventCountry "NED"]
[SourceTitle "CBM 095 Extra"]
[Source "ChessBase"]
[SourceDate "2003.09.04"]
[SourceVersion "1"]
[SourceVersionDate "2003.09.04"]
[SourceQuality "1"]

1. e4 e5 2. Nf3 Nf6 3. Nxe5 d6 4. Nf3 Nxe4 5. d4 d5 6. Bd3 Be7 7. 0-0 Nc6 8. c3 Bg4 9. Nbd2 f5 10. Qc2 0-0 11. Ne5 Nxe5 12. dxe5 Bc5 13. Nb3 Bb6 14. Kh1 Qh4 15. Nd4 c5 16. Nb5 c4 17. Bxe4 fxe4 18. Nd4 Bc7 19. Qd2 Bxe5 20. g3 Bxg3 21. f4 exf3 22. Nxf3 Rxf3 23. Rxf3 Bxf3+ 24. Kg1 Re8 25. hxg3 Qh1+ 0-1

[Event "Leiden SB-ch"]
[Site "Leiden"]
[Date "2003.06.03"]
[Round "3"]
[White "Postma, Jan"]
[Black "Verheijen, Jan"]
[Result "1-0"]
[WhiteElo "1719"]
[BlackElo "1598"]
[PlyCount "79"]
[EventDate "2003.05.20"]
[EventType "swiss"]
[EventRounds "7"]
[EventCountry "NED"]
[SourceTitle "CBM 095 Extra"]
[Source "ChessBase"]
[SourceDate "2003.09.04"]
[SourceVersion "1"]
[SourceVersionDate "2003.09.04"]
[SourceQuality "1"]

1. e4 c5 2. c4 d6 3. Nc3 Nf6 4. Nf3 Nc6 5. d4 cxd4 6. Nxd4 g6 7. Be2 Bg7 8. Be3 0-0 9. 0-0 Bd7 10. Rc1 Rc8 11. b3 Re8 12. f3 Nh5 13. Nxc6 Rxc6 14. g4 Nf6 15. Nb5 Qa5 16. a3 a6 17. b4 Qd8 18. Na7 Rb6 19. Qd4 Rc6 20. Nxc6 Bxc6 21. Qd3 Nd7 22. f4 e5 23. f5 Nf6 24. Bf3 h5 25. g5 Ng4 26. Bxg4 hxg4 27. f6 Bf8 28. Rfd1 b6 29. c5 Qa8 30. cxd6 Bxe4 31. Qf1 Bd5 32. Bxb6 Bxd6 33. Bc5 Bxc5+ 34. Rxc5 Bf3 35. Rd6 Qe4 36. Rd2 Ra8 37. Rc1 Kf8 38. Qf2 Qb7 39. Qc5+ Ke8 40. Rc3 1-0

[Event "Leiden SB-ch"]
[Site "Leiden"]
[Date "2002.07.02"]
[Round "7"]
[White "De Waard, Ad"]
[Black "Postma, Jan"]
[Result "1-0"]
[WhiteElo "1331"]
[BlackElo "1766"]
[PlyCount "69"]
[EventDate "2002.05.21"]
[EventType "swiss"]
[EventRounds "7"]
[EventCountry "NED"]
[SourceTitle "EXT 2003"]
[Source "ChessBase"]
[SourceDate "2002.11.25"]
[SourceVersion "1"]
[SourceVersionDate "2002.11.25"]
[SourceQuality "1"]

1. e4 c5 2. c3 e6 3. d4 d5 4. e5 Nc6 5. Nf3 Be7 6. Bd3 Qb6 7. 0-0 Bd7 8. Bc2 f6 9. Re1 0-0-0 10. Na3 a6 11. c4 cxd4 12. cxd5 exd5 13. e6 Be8 14. Bb3 Bh5 15. Bd2 Kb8 16. Rc1 Bc5 17. Bf4+ Ka8 18. Re2 Nge7 19. Ba4 g5 20. Bg3 Bg6 21. Bc7 Qxc7 22. Rxc5 Qf4 23. Bxc6 Nxc6 24. Rd2 Bh5 25. Rxc6 Bxf3 26. Rxa6+ bxa6 27. gxf3 Qe5 28. Re2 Qf4 29. e7 Rde8 30. Re6 Ka7 31. Qa4 Qc1+ 32. Kg2 Qc8 33. Nb5+ Kb8 34. Rxa6 Qd7 35. Ra8+ 1-0